02114cas a2200517 a 450000100090000000300040000900500170001300800410003001000310007101600180010201600200012003500240014004001420016404200170030605000200032306000140034308200110035724500280036826000470039630000210044331000140046433600260047833700280050433800270053236200310055950001430059050000300073350000330076355500940079658800530089058800560094365000740099965000230107365000150109665000260111165000610113765000520119865000480125065000400129865000370133865500170137565500430139265500700143570000330150577600580153811139247OSt20170206084342.0760325c19339999nyu x 0 0eng  a 33036898 zsn 89029408 7 a01164252DNLM7 aC153600002DNLM a(OCoLC)ocm02067695  aDLCbengcKSUdUCUdIULdNOHdNYGdIULdOCLdRCSdOCLdIULdNSTdHULdDLCdNLMdOCLCQdDLCdOCLCGdOCLCQdOCLCOdOCLCFdOCLCQdI8MdOCLCO apccapremarc00aTP151 .C53 196700aW1bCH24900a660.8304aThe Chemical formulary. aBrooklyn, N.Y. :bChemical Pub. Co.c1967. avolumes ;c23 cm aIrregular atextbtxt2rdacontent aunmediatedbn2rdamedia avolumebnc2rdacarrier1 aBegan with vol. 1 in 1933. a"A collection of valuable, timely, practical commercial formulae and recipes for making thousands of products in many fields of industry." aEditor: 1933- H. Bennett. aPublished: New York, <1997-> aVols. 1 (1933)-6 (1943). 1 v. ; v. 1 (1933)-10 (1957). 1 v. ; v. 1 (1933)-15 (1970). 1 v. aDescription based on: Vol. 7, published in 1945. aLatest issue consulted: Vol. 34, published in 1997. 0aChemistry, TechnicalvFormulae, receipts, prescriptionsvPeriodicals. 2aChemical Industry. 2aChemistry. 2aFormularies as Topic. 3aChemistry, TechnicalxFormulae, receipts, prescriptions. 7aChemistry, Technical.2fast0(OCoLC)fst00853546 4aQuímica técnicaxFórmulas.xREVISTAS. 4aQuímicavManuales de laboratorio. 4aQuímica técnicaxFórmulas. 2aPeriodicals. 7aPeriodicals.2fast0(OCoLC)fst01411641 7aPrescriptions, formulae, receipts, etc.2fast0(OCoLC)fst014240541 aBennett, H.q(Harry),d1967.08iOnline version:tChemical formularyw(OCoLC)646823856